000 00624nam a2200181 a 4500
020 _a0471939277 :
020 _a2225841683 (France)
082 0 0 _a620.3
_bGER
_cL-5, P-24.
100 1 _aGéradin, Michel,
_940955
245 1 0 _aMechanical vibrations :
_btheory and application to structural dynamics /
_cMichel Géradin, Daniel Rixen.
260 _aChichester ;
_aNew York :
_bWiley ;
_aParis :
_bMasson,
_c1994.
300 _axiv, 411 p. :
_bill. ;
_c25 cm.
526 _a0
_b0
_c0
_d620_300000000000000_GER
650 0 _aMCE
_9379
650 0 _aStructural dynamics.
_910008
700 1 _aRixen, Daniel.
_910010
942 _2ddc
_cBK
999 _c545170
_d545170